[Event "Benidorm 2012 - 5. CECLUB s16"]
[Site "Benidorm ESP"]
[Date "2012.12.06"]
[Round "2.1"]
[White "Vinuela Diaz, Saul"]
[Black "Bru Rullo, Llatzer"]
[Result "1/2-1/2"]
[WhiteElo "1935"]
[BlackElo "2073"]
[PlyCount "147"]
[EventDate "2012.12.05"]
[EventType "team"]
[EventRounds "6"]
[EventCountry "ESP"]
[Source "lmi"]
[SourceDate "2012.12.05"]
[WhiteTeam "GRUPO 64"]
[BlackTeam "C. PENYA ESCACS CERDANYOLA"]

1. d4 d5 2. Bf4 Nf6 3. e3 e6 4. c3 Bd6 5. Bg3 b6 6. Nd2 O-O 7. Bd3 c5 8. Ngf3
cxd4 9. exd4 Ba6 10. Bxa6 Nxa6 11. Bxd6 Qxd6 12. O-O Nb8 13. Ne5 Nc6 14. Qe2
Nd7 15. Ndf3 Rab8 16. Nd3 b5 17. b4 Rfe8 18. Rfe1 f6 19. Nc5 e5 20. Qb2 Nb6 21.
Rad1 Nc4 22. Qb3 a5 23. a3 axb4 24. axb4 Ra8 25. dxe5 N6xe5 26. Nd4 Qb6 27. Qc2
Nc6 28. Qf5 N6e5 29. Nde6 Nd6 30. Qh3 Ne4 31. Rxd5 Nxc5 32. Nxc5 Nf3+ 33. gxf3
Rxe1+ 34. Kg2 Qc6 35. Rd7 Re5 36. Ne4 f5 37. Qg3 Qg6 38. Qxg6 hxg6 39. Nc5 Re1
40. Rb7 Ra3 41. Rxb5 Rxc3 42. Rb8+ Kh7 43. Nd7 Rc6 44. b5 Rd6 45. Nf8+ Kh6 46.
b6 Kg5 47. b7 Rb1 48. Kg3 Rg1+ 49. Kh3 Rd3 50. Ne6+ Kf6 51. Rf8+ Kxe6 52. b8=Q
Rxf3+ 53. Qg3 Rgxg3+ 54. fxg3 Ke7 55. Ra8 Kf6 56. Ra6+ Kg5 57. Kg2 Rb3 58. Ra2
Kh5 59. h3 g5 60. Rf2 Kg6 61. Kh2 Rb4 62. Kg2 f4 63. Ra2 Rb3 64. Ra6+ Kh5 65.
gxf4 gxf4 66. Ra8 Rg3+ 67. Kh2 g5 68. Rf8 Rb3 69. Kg2 Kg6 70. h4 Rg3+ 71. Kf2
gxh4 72. Rxf4 Kg5 73. Rf3 Rg4 74. Ra3 1/2-1/2

[Event "Benidorm 2012 - 5. CECLUB s16"]
[Site "Benidorm ESP"]
[Date "2012.12.06"]
[Round "2.2"]
[White "Pozanco Romasanta, Marc"]
[Black "Villarroya Pique, Alberto"]
[Result "1-0"]
[WhiteElo "2038"]
[BlackElo "1652"]
[PlyCount "106"]
[EventDate "2012.12.05"]
[EventType "team"]
[EventRounds "6"]
[EventCountry "ESP"]
[Source "lmi"]
[SourceDate "2012.12.05"]
[WhiteTeam "C. PENYA ESCACS CERDANYOLA"]
[BlackTeam "GRUPO 64"]

1. d4 d5 2. c4 c6 3. Nc3 Nf6 4. e3 a6 5. a4 e6 6. Nf3 Nbd7 7. Bd3 Bd6 8. O-O
O-O 9. e4 dxe4 10. Nxe4 Nxe4 11. Bxe4 h6 12. Bc2 Nf6 13. Qe2 Qc7 14. c5 Bf4 15.
Be3 Ng4 16. Bxf4 Qxf4 17. g3 Qc7 18. Qd3 Nf6 19. Ne5 Rd8 20. Rad1 b6 21. cxb6
Qxb6 22. Qc3 Bb7 23. a5 Qc7 24. Ba4 Rac8 25. b4 Rd6 26. Nc4 Rdd8 27. Nb6 Nd5
28. Nxd5 cxd5 29. Qxc7 Rxc7 30. Rc1 Rdc8 31. Rc5 e5 32. Rfc1 Rxc5 33. dxc5 Bc6
34. Bxc6 Rxc6 35. Rd1 d4 36. Kf1 Kf8 37. Ke2 Ke7 38. Kd3 Ke6 39. Kc4 Rc8 40.
Rb1 Rb8 41. f3 Rb5 42. Rf1 f5 43. Re1 h5 44. h4 Rb8 45. Rb1 Rb5 46. f4 e4 47.
Kxd4 Rb8 48. Kc4 Rd8 49. b5 axb5+ 50. Rxb5 Rd1 51. Rb3 Rc1+ 52. Kd4 Ra1 53.
Rb6+ Kd7 1-0

[Event "Benidorm 2012 - 5. CECLUB s16"]
[Site "Benidorm ESP"]
[Date "2012.12.07"]
[Round "3.3"]
[White "Vera Juan, Andreu"]
[Black "Abal Cores, Lucas"]
[Result "0-1"]
[WhiteElo "1830"]
[BlackElo "1965"]
[PlyCount "149"]
[EventDate "2012.12.05"]
[EventType "team"]
[EventRounds "6"]
[EventCountry "ESP"]
[Source "lmi"]
[SourceDate "2012.12.05"]
[WhiteTeam "CLUB AJEDREZ EVA-MANISES"]
[BlackTeam "C.X.F. VIAJES INTERRIAS SANXENXO"]

1. e4 c5 2. c3 d5 3. exd5 Qxd5 4. d4 Nc6 5. Nf3 Bg4 6. Be2 e6 7. Be3 cxd4 8.
cxd4 Nf6 9. O-O Bb4 10. h3 Bh5 11. Nc3 Bxc3 12. bxc3 O-O 13. Qb3 Rac8 14. Rac1
Na5 15. Qxd5 Nxd5 16. c4 Bxf3 17. gxf3 Nb6 18. c5 Nd5 19. Rfd1 Rfd8 20. f4 f5
21. Bf3 Kf7 22. Bxd5 Rxd5 23. Kf1 h6 24. Ke2 Kf6 25. h4 g6 26. Rd3 Nc6 27. a3
Ne7 28. Rb1 Rd7 29. Rdb3 Rcc7 30. Rd3 Nd5 31. Rdd1 Nc3+ 32. Ke1 Nxd1 33. Rxd1
h5 34. Rb1 Ke7 35. Ke2 Kd8 36. Rg1 Rg7 37. Bd2 Kd7 38. Kd3 Kc6 39. Re1 Kd7 40.
Bc3 Rg8 41. Rb1 Kc6 42. Re1 Re7 43. Bb4 Ree8 44. Rb1 b6 45. Rc1 Rg7 46. cxb6+
Kxb6 47. Bc5+ Ka6 48. Rc4 Rb7 49. Ra4+ Kb5 50. Rxa7 Rxa7 51. Bxa7 Ra8 52. Bc5
Ra4 53. Bb4 Ra6 54. Bc5 Rc6 55. Kc3 e5 56. Kd3 exf4 57. Ke2 Re6+ 58. Kf3 Re4
59. Ba7 Kc4 60. Bb6 Kb5 61. Bc5 Ka6 62. Bd6 Rxd4 63. Bxf4 Rd3+ 64. Be3 Rxa3 65.
Kf4 Ra4+ 66. Kg5 Rg4+ 67. Kh6 f4 68. Bd4 f3 69. Be3 Rg2 70. Kh7 Kb5 71. Kh6 Kc6
72. Kh7 Kd7 73. Kh6 Ke6 74. Kh7 Kf5 75. Kh6 0-1

[Event "Benidorm 2012 - 5. CECLUB s16"]
[Site "Benidorm ESP"]
[Date "2012.12.07"]
[Round "3.4"]
[White "Bayon Rolo, Juan Andres"]
[Black "Pino Fernandez, David"]
[Result "1/2-1/2"]
[WhiteElo "1637"]
[BlackElo "1804"]
[PlyCount "70"]
[EventDate "2012.12.05"]
[EventType "team"]
[EventRounds "6"]
[EventCountry "ESP"]
[Source "lmi"]
[SourceDate "2012.12.05"]
[WhiteTeam "C.X.F. VIAJES INTERRIAS SANXENXO"]
[BlackTeam "CLUB AJEDREZ EVA-MANISES"]

1. e4 c5 2. c3 Nc6 3. d4 cxd4 4. cxd4 d6 5. Nf3 Bg4 6. Be2 g6 7. d5 Bxf3 8.
Bxf3 Ne5 9. Be2 Nf6 10. Nc3 Bg7 11. Be3 O-O 12. O-O Qa5 13. Qb3 Ned7 14. Rac1
Rfc8 15. a3 Qd8 16. f3 Nc5 17. Bxc5 Rxc5 18. Na4 Rxc1 19. Rxc1 Rc8 20. Nc3 Rc7
21. Rc2 Qc8 22. Bd1 Nd7 23. Na4 Rxc2 24. Bxc2 Ne5 25. Bd1 Nc4 26. Be2 Bd4+ 27.
Kh1 Nxb2 28. Nxb2 Qc1+ 29. Nd1 Qd2 30. Qd3 Qe1+ 31. Bf1 Bc5 32. a4 Qb4 33. Qc4
Qe1 34. Qd3 Qb4 35. Nc3 Bb6 1/2-1/2